000 00952nam a2200253Ia 4500
003 OSt
005 20220923215301.0
006 a|||||r|||| 00| 0
007 ta
008 220922b |||||||| |||| 00| 0 hin d
024 _a177,396
037 _cTextual
040 _aARTS
_cARTS
_bhin
041 _2hin
_ahin
082 _aO152,1K43x, K2
100 _aशास्त्री, धर्मेन्द्र ब्रहमचारी, संपा.
_9163717
245 0 _aदरिया ग्रंथावली
246 _aDariyā granthāvalī
260 _aपटना
_b बिहार राष्ट्रभाषा परिषद
_c1962
300 _a409 पृ.
_ccm.
650 _aहिन्दी साहित्य
_9156264
942 _hO152,1K43x, K2
_cTEXL
_2CC
999 _c330784
_d330784